banner koha

Echocardiographic reference ranges for sedated healthy peccaries (Tayassu tajacu, Linnaeus, 1758) (Registro n. 328119)

MARC details
000 -LÍDER
fixed length control field 04040nab a2200433 i 4500
003 - CÓDIGO MARC DA AGÊNCIA CATALOGADORA
Campo de controle BR-BrBNA
005 - DATA E HORA DA ÚLTIMA ATUALIZAÇÃO
Campo de controle 20241015131301.0
008 - CAMPO DE TAMANHO FIXO
fixed length control field 241015b2019 bl.|r|pooa||| 00| 0 eng |
040 ## - FONTE DA CATALOGAÇÃO
Agência catalogadora BR-BrBNA
Idioma da catalogação eng
072 ## - CATEGORIA AGRIS
Código AGRIS L70
Código do objeto 8891
100 ## - ENTRADA PRINCIPAL - NOME PESSOAL
Nome pessoal Moura, L.S.
100 ## - ENTRADA PRINCIPAL - NOME PESSOAL
Nome pessoal Rodrigues, R.P.S.
100 ## - ENTRADA PRINCIPAL - NOME PESSOAL
Nome pessoal Silva, A.B.S.
100 ## - ENTRADA PRINCIPAL - NOME PESSOAL
Nome pessoal Pessoa, G.T.
100 ## - ENTRADA PRINCIPAL - NOME PESSOAL
Nome pessoal Sousa, F.C.A.
100 ## - ENTRADA PRINCIPAL - NOME PESSOAL
Nome pessoal Barbosa, M.A.P.S.
100 ## - ENTRADA PRINCIPAL - NOME PESSOAL
Nome pessoal Souza, A.B.
100 ## - ENTRADA PRINCIPAL - NOME PESSOAL
Nome pessoal Alves, J.J.R.P.
100 ## - ENTRADA PRINCIPAL - NOME PESSOAL
Nome pessoal Macedo, K.V.
100 ## - ENTRADA PRINCIPAL - NOME PESSOAL
Nome pessoal Diniz, A.N.
100 ## - ENTRADA PRINCIPAL - NOME PESSOAL
Nome pessoal Silva, E.G.
100 ## - ENTRADA PRINCIPAL - NOME PESSOAL
Nome pessoal Araújo, J.R.
100 ## - ENTRADA PRINCIPAL - NOME PESSOAL
Nome pessoal Marques, D.C.
100 ## - ENTRADA PRINCIPAL - NOME PESSOAL
Nome pessoal Cavalcante-Filho, M.F.
100 ## - ENTRADA PRINCIPAL - NOME PESSOAL
Nome pessoal Cavalcante-Filho, F.R.
245 ## - TÍTULO PRINCIPAL
Título principal Echocardiographic reference ranges for sedated healthy peccaries (Tayassu tajacu, Linnaeus, 1758)
500 ## - NOTA GERAL
Nota geral Publicação online; 41 ref.; 3 illus.; Summaries (En, Pt)
942 ## - ADDED ENTRY ELEMENTS (KOHA)
Koha item type Analítica
520 ## - NOTA DE RESUMO
Nota de conteúdo <br/><br/>ABSTRACT - Peccaries are wild mammals belonging to the Tayassu genus that are found almost everywhere in the Americas and have demonstrated great potential as an experimental model for scientific investigations. Twelve healthy adult animals were sedated to perform echocardiographic examinations in B, M and Doppler mode. The variables that exhibited statistically significant correlation coefficients with weight were LVFWd, LVIDd, LVIDs, E wave, A’RV, MAM, and TAPSE. The HR exhibited a negative relationship with the IVRT. The LA variable showed a positive correlation with the AO. The MAM exhibited correlations with the LVIDd and LVIDs. The TAPSE showed positive correlations with the E’RV and A’RV. The present study provides the first reference values for echocardiographic measurements in B, M and Doppler modes from peccaries anesthetized with ketamine and midazolam. Echocardiography was easy to perform in collared peccaries, and the collected data revealed values that can aid in their clinical management and conservation.<br/><br/><br/>Keywords: cardiology, wild animals, diagnostic imaging, heart, hemodynamics
520 ## - NOTA DE RESUMO
Nota de conteúdo <br/><br/>RESUMO - Catetos são mamíferos selvagens, pertencentes ao gênero Tayassu, encontrados em quase toda a América, os quais têm se destacado como modelos experimentais. Doze animais adultos saudáveis foram sedados para a realização de exames ecocardiográficos em modos B, M e Doppler. As variáveis que apresentaram coeficientes de correlação estatisticamente significativos em relação ao peso foram: LVFWd, LVIDd, LVIDs, onda E, A’RV, MAM, TAPSE. O HR mostrou correlação positiva com LA/AO, onda E, onda A, MAM, TAPSE e E/IVRT, e negativa com IVRT. Os valores de AVmax mostraram correlações positivas com onda E e onda A’. A variável LA mostrou correlação positiva com AO e correlação negativa com IVSd. A EF apresentou forte correlação com a relação de ondas FS, E/A, com A’, E’RV. FS apresentou correlação positiva com a relação de onda E/A. O MAM mostrou correlação com LVIDd e LVIDs. TAPSE mostrou correlações positivas com E’RV e A’RV. O presente estudo forneceu os primeiros valores de referência para medições ecocardiográficas em modos B, M e Doppler de catetos anestesiados com ketamina e midazolam. O exame ecocardiográfico em<br/>catetos foi de fácil execução e os dados encontrados evidenciaram valores que podem auxiliar no seu manejo clínico e conservação.<br/><br/><br/>Palavras-chave: cardiologia, animais silvestres, diagnóstico por imagem, coração, hemodinâmica
650 ## - ASSUNTO - THESAGRO
Cabeçalho tópico ou nome geográfico PORCO SELVAGEM
650 ## - ASSUNTO - THESAGRO
Cabeçalho tópico ou nome geográfico APARELHO CIRCULATÓRIO
650 ## - ASSUNTO - THESAGRO
Cabeçalho tópico ou nome geográfico CORAÇÃO
650 ## - ASSUNTO - THESAGRO
Cabeçalho tópico ou nome geográfico FISIOLOGIA ANIMAL
650 ## - ASSUNTO - THESAGRO
Cabeçalho tópico ou nome geográfico VETERINÁRIA PREVENTIVA
773 0# - ENTRADA ANALÍTICA
Host Biblionumber 1643
Registro do item 345321
Imprenta Belo Horizonte-MG Universidade Federal de Minas Gerais - Escola de Veterinaria 1983
Outro identificador 2024-5846
Título Arquivo Brasileiro de Medicina Veterinária e Zootecnia (Brazil)
ISSN 0102-0935
Colação v. 71(1) p. 68-76; (2019)
Número de controle de registro BR2024002880
856 ## - ACESSO E ENDEREÇO ELETRÔNICO
Identificador uniforme de recurso - URI https://www.scielo.br/j/abmvz/a/LN437YGSxjMw6Gqwm6bZr4q/?format=pdf&lang=en

Nenhum exemplar disponível.

BINAGRI

Telefone: (61)3218-2567/2388/3357/2097 - binagri@agro.gov.br

Ministério da Agricultura e Pecuária , Esplanada dos Ministérios, Bloco D, Anexo B, Brasília/DF, CEP: 70.043-900